| 000 | 00935nam a2200253 i 4500 | ||
|---|---|---|---|
| 003 | CO-ViMGA | ||
| 005 | 20230915224425.0 | ||
| 008 | 200114s2019 sp a gr 000 0 spa d | ||
| 020 | _a9584292129 | ||
| 020 | _a9789584292124 | ||
| 040 |
_aCO-ViMGA _bspa _cCO-ViMGA |
||
| 082 | 0 | 4 |
_a741.5 _bO77c _222 |
| 100 | 1 |
_aOssa Dominguez, Felipe _d1944- _eautor _9163026 |
|
| 245 | 1 | 0 |
_aComic : _bla aventura infinita / _cFelipe Ossa |
| 250 | _aEdicion especial | ||
| 260 |
_aBogota : _bEditorial Planeta Colombiana, _c2020 |
||
| 300 |
_a264 paginas _bilustraciones _c26 cm |
||
| 490 | 0 | _aPlan Nacional de Lectura y Escritura Leer es mi Cuento / Ministerio de Cultura | |
| 504 | _aIncluye bibliografia al final del texto | ||
| 650 | 1 | 7 |
_2LEMB _aDibujos animados _xHistoria _9132258 |
| 650 | 1 | 7 |
_2LEMB _aHumorismo grafico _xHistoria _9132259 |
| 650 | 1 | 7 |
_2LEMB _aTiras comicas, historietas, etc. _xHistoria _zAmerica Latina _9112132 |
| 942 |
_2ddc _cBK |
||
| 999 |
_c9076 _d9076 |
||